Biggest Countries on the Mercator Projection - Statistics

General Stats
  • This quiz has been taken 46,611 times
  • The average score is 18 of 21
Answer Stats
Rank % Change Country % Correct
2 +63 Canada
99%
1 +54 Russia
99%
3 -28 United States
98%
4 -51 China
96%
5 -60 Australia
95%
6 -66 Brazil
95%
8 -51 Argentina
91%
9 -62 India
91%
13 -62 Mexico
88%
14 -68 D. R. Congo
84%
7 -28 Kazakhstan
83%
11 -32 Mongolia
83%
12 -60 Algeria
82%
20 -68 Indonesia
82%
10 +236 Norway
81%
17 +53 Sweden
81%
21 +70 Finland
80%
15 -66 Saudi Arabia
75%
16 -56 Iran
74%
19 -66 Sudan
66%
18 -63 Libya
65%
No matching quizzes found
Score Distribution
Percent of People with Each Score
Percentile by Number Answered
Your Score History
You have not taken this quiz